|
|
|
|
| LEADER |
01603nam a2200421 a 4500 |
| 001 |
000746749 |
| 003 |
CZ BrMZK |
| 005 |
20041115083815.0 |
| 007 |
ta |
| 008 |
041101s2003 xr ac er 001 0aczeoc |
| 015 |
|
|
|a cnb001291381
|
| 020 |
|
|
|a 80-7040-522-8
|q (váz.)
|
| 035 |
|
|
|a (OCoLC)55015443
|
| 040 |
|
|
|a ABA001
|b cze
|d BOA001
|
| 043 |
|
|
|a e-xr---
|
| 045 |
|
|
|a u-u-
|
| 072 |
|
7 |
|a 929
|x Biografie
|2 Konspekt
|9 8
|
| 080 |
|
|
|a 929.733
|2 MRF
|
| 080 |
|
|
|a (437.3)
|2 MRF
|
| 080 |
|
|
|a (092)
|2 MRF
|
| 080 |
|
|
|a (048.8)
|2 MRF
|
| 100 |
1 |
|
|a Hrdlička, Josef,
|d 1972-
|7 jn20000401078
|4 aut
|
| 245 |
1 |
0 |
|a Autobiografie Jana Nikodéma Mařana Bohdaneckého z Hodkova /
|c Josef Hrdlička
|
| 250 |
|
|
|a Vyd. 1.
|
| 260 |
|
|
|a České Budějovice :
|b Historický ústav Jihočeské univerzity,
|c 2003
|
| 300 |
|
|
|a 325 s. :
|b il., portréty ;
|c 22 cm
|
| 500 |
|
|
|a 550 výt.
|
| 504 |
|
|
|a Obsahuje bibliografii a rejstřík
|
| 500 |
|
|
|a Dostupné též v digitální podobě v aplikaci Kramerius
|
| 600 |
1 |
7 |
|a Mařan Bohdanecký z Hodkova, Jan Nikodém,
|d 1637-1690
|7 xx0011626
|2 czenas
|
| 650 |
0 |
7 |
|a rytíři
|7 ph125377
|z Česko
|y 17. stol.
|2 czenas
|
| 655 |
|
7 |
|a autobiografie
|7 fd131855
|2 czenas
|
| 655 |
|
7 |
|a studie
|7 fd133597
|2 czenas
|
| 700 |
1 |
|
|a Mařan Bohdanecký z Hodkova, Jan Nikodém,
|d 1637-1690
|7 xx0011626
|4 aut
|
| 856 |
4 |
1 |
|u http://www.digitalniknihovna.cz/mzk/uuid/uuid:af9e5ab0-08ab-11e7-9446-005056827e51
|y Digitalizovaný dokument
|x NDK
|
| 910 |
|
|
|a BOA001
|b 2-1141.722
|
| 990 |
|
|
|a BK
|
| 996 |
6 |
|
|b 2610231159
|c 2-1141.722
|l MZK
|r Sklad / do 1 hodiny
|n 10
|p p.v.
|w 000746749
|u 000010
|a 1
|e BOA001
|j MZK50
|s P
|